000 00339nam a2200133 i 4500
001 bg
100 1 _aRMIEC, Andrzej
245 0 _aBadanie mechaniki układu fluidalnego ciecz -ciało stałe /
_cAndrzej Rmiec.
260 _aWrocław,
_c1975.
040 _cBPK
041 _apol
942 _cKS
008 s pl f |000 0 pol
999 _c16433
_d16433
856 _uhttp://koha.tu.koszalin.pl/cgi-bin/koha/opac-detail.pl?biblionumber=16433
_yKatalog online BPK